Balance de materiales: teoría y ejercicios
Saved in:
| Main Authors: | , |
|---|---|
| Andre forfattere: | |
| Format: | Bog |
| Sprog: | spansk |
| Udgivet: |
Antofagasta
Universidad de Antofagasta
2001
|
| Fag: | |
| Tags: |
Tilføj Tag
Ingen Tags, Vær først til at tagge denne postø!
|
MARC
| LEADER | 00000nam a2200000 a 4500 | ||
|---|---|---|---|
| 001 | UCK3589 | ||
| 003 | CL-VaPUC | ||
| 008 | 050429e20010000CL |||||||||||||||||spa|d | ||
| 020 | |a 9568293124 | ||
| 082 | 0 | 4 | |a 536.7 |b MUN |2 21 |
| 100 | |a Muñoz Guerrero, Hernán Patricio |e autor |9 491695 | ||
| 700 | 0 | |a Cerezal Mezquita, Pedro |e author |9 491696 | |
| 700 | |a Murray Martinez, Ricardo Tomás |e autor |9 491697 | ||
| 245 | 1 | 0 | |a Balance de materiales: teoría y ejercicios |
| 300 | |a 90 p | ||
| 942 | |c BK | ||
| 945 | |d 20050429 00:00:00 |a cmena | ||
| 260 | |a Antofagasta |b Universidad de Antofagasta |c 2001 | ||
| 650 | 7 | |a BALANCE DE MASA |2 CL-VaPUC |9 491698 | |
| 650 | 0 | |a Problemas, ejercicios, etc |9 259377 | |
| 583 | |a last modification |c 20050429 00:00:00 |k Rodrigo Vera | ||
| 999 | |c 312714 |d 312712 | ||
| 952 | |0 0 |1 0 |2 ddc |4 0 |6 536_700000000000000_MUN_2001 |7 0 |8 A |9 383390 |a BIBALI |b BIBALI |c GEN |d 2019-11-21 |i 4098889 |o 536.7 MUN 2001 |p 4098889 |r 2025-01-20 |w 2019-11-21 |y BK |k ALI | ||